Alfred Pennyworth - Portrayals by Picture - Statistics

General Stats
  • This quiz has been taken 11 times
  • The average score is 3 of 41
Answer Stats
Picture Answer % Correct
Michael Caine
71%
Andy Serkis
57%
Sean Pertwee
29%
Clive Revill / Efrem Zimbalist Jr.
14%
Efrem Zimbalist Jr.
14%
Enn Reitel
14%
Jack Bannon
14%
Jim Piddock
14%
Michael Gough
14%
Nolan North / Ralph Fiennes / Keith Ferguson / Steve Blum / Robin Atkin Downes
14%
Alan Napier
0%
Alan Oppenheimer
0%
Alastair Duncan
0%
Alastair Duncan
0%
Alastair Duncan
0%
Anthony Head
0%
Brian George
0%
Brian George
0%
David McCallum
0%
David McCallum / James Garrett
0%
Douglas Hodge
0%
Eric Wilton
0%
Fred Tatsciore
0%
Gildart Jackson
0%
Hōchū Ōtsuka / Adam Croasdell
0%
Ian Abercrombie
0%
James Garrett
0%
JB Blanc
0%
Jeff Bennett
0%
Jeff Bennett
0%
Jeremy Irons
0%
Keith Ferguson
0%
Martin Jarvis
0%
Martin Jarvis / Hugh Fraser
0%
Olan Soule
0%
Robin Atkin Downes
0%
Steven Weber
0%
Steven Weber
0%
Tom Hollander
0%
William Austin
0%
William Callaway
0%
No matching quizzes found
Score Distribution
Percent of People with Each Score
Percentile by Number Answered
Your Score History
You have not taken this quiz